| 000 | 00708nam a2200241 i 4500 | ||
|---|---|---|---|
| 001 | 13220 | ||
| 003 | ES-MaACL | ||
| 005 | 20250701212925.0 | ||
| 007 | t| | ||
| 008 | 960918s1996 sp ||||0| spa | ||
| 020 | _a84-7923-081-9 | ||
| 080 | _a1 Bergson, Henri | ||
| 100 | 1 |
_aMuñoz-Alonso López, Gemma. _984351 |
|
| 245 | 1 | 0 |
_aHenri Bergson (1859-1941) / _cGemma Muñoz-Alonso López. |
| 250 | _a1ª ed. | ||
| 260 |
_aMadrid : _bEdiciones del Orto, _c1996. |
||
| 300 |
_a94 p ; _c17 cm. |
||
| 490 | 1 | _aBiblioteca filosófica | |
| 600 | 1 | 4 |
_aBergson, Henri- _xCrítica e interpretación. _928014 |
| 830 | 1 | 0 |
_aBiblioteca filosófica _9179275 |
| 852 |
_aES-MaACL _jL-20562 |
||
| 999 |
_c13220 _d13220 |
||